UM Logo

Journal of educational psychology. (Record no. 22229)

MARC details
000 -LEADER
fixed length control field 00453nam a22001457a 4500
003 - CONTROL NUMBER IDENTIFIER
control field OSt
005 - DATE AND TIME OF LATEST TRANSACTION
control field 20241004145524.0
008 - FIXED-LENGTH DATA ELEMENTS--GENERAL INFORMATION
fixed length control field 241004b |||||||| |||| 00| 0 eng d
040 ## - CATALOGING SOURCE
Transcribing agency 0
082 ## - DEWEY DECIMAL CLASSIFICATION NUMBER
Classification number DPer 370.15 J826 April - May 2021 v113no. 3-4
245 ## - TITLE STATEMENT
Title Journal of educational psychology.
260 ## - PUBLICATION, DISTRIBUTION, ETC. (IMPRINT)
Place of publication, distribution, etc. Washington;
Name of publisher, distributor, etc. American Psychological Association,
Date of publication, distribution, etc. April-May 2023.
300 ## - PHYSICAL DESCRIPTION
Extent various paging:
Other physical details color illustrations;
Dimensions 30 cm.
942 ## - ADDED ENTRY ELEMENTS (KOHA)
Source of classification or shelving scheme Dewey Decimal Classification
Koha item type Periodicals
Holdings
Withdrawn status Lost status Source of classification or shelving scheme Damaged status Not for loan Collection code Home library Current library Date acquired Total Checkouts Full call number Date last seen Price effective from Koha item type Public note
    Dewey Decimal Classification     Periodicals UM Digos College - LIC UM Digos College - LIC 10/04/2024   DPer 370.15 J826 April - May 2021 v113no. 3-4 10/04/2024 10/04/2024 Periodicals Periodical Article